1991/92 Old First division final standings - Statistics

General Stats
  • This quiz has been taken 20 times
  • The average score is 18 of 22
Answer Stats
Hint Answer % Correct
1st Leeds United
100%
2nd Manchester United
100%
4th Arsenal
94%
6th Liverpool
94%
5th Manchester City
94%
18th Norwich City
94%
3rd Sheffield Wednesday
94%
16th Southampton
94%
22nd West Ham United
94%
10th Crystal Palace
88%
12th Everton
88%
15th Tottenham Hotspur
88%
7th Aston Villa
82%
14th Chelsea
82%
9th Sheffield United
82%
8th Nottingham Forest
76%
11th Queens Park Rangers
76%
13th Wimbledon
71%
19th Coventry City
53%
20th Luton Town
53%
17th Oldham Athletic
53%
21st Notts County
29%
No matching quizzes found
Score Distribution
Percent of People with Each Score
Percentile by Number Answered
Your Score History
You have not taken this quiz